000 00662nam a22001577a 4500
003 IT-RoPau
005 20220918181108.0
008 130617b xxu||||| |||| 00| 0 eng d
040 _cIT-RoPau
100 _aCommissione intercongregazionale della Famiglia Paolina
_9699
245 _aA cent'anni dalla notte profetica-carismatica di Don Giacomo Alberione.
_b"Fare qualcosa per il Signore e gli uomini del nuovo secolo"
260 _aRoma
_bCommissione intercongregazionale della Famiglia Paolina
_c2000
300 _a40 pp.
_c21 cm
520 _aIndice Presentazione Celebrazione eucaristica L'adorazione eucaristica Canti La Famiglia paolina
942 _2ddc
_cBK
999 _c98772
_d98772